[Event "9th Sharjah Cup Women 2018"]
[Site "Sharjah"]
[Date "2018.12.15"]
[Round "2"]
[White "Kulkarni Bhakti"]
[Black "Mork, Ramona"]
[Result "1-0"]
[WhiteElo "2283"]
[BlackElo "1755"]
[Annotator "NA"]
[PlyCount "69"]
[EventDate "2018.12.14"]
[EventType "swiss"]
[EventCountry "UAE"]
[SourceTitle "playchess.com"]
[Source "ChessBase"]
[SourceQuality "1"]
[TimeControl "5400+30"]

{[%evp 20,66,0,-33,32,-289,32767,-602,32767,32767,32767,32767,32767,32767,32767,32767,32767,32767,32767,32767,170,167,184,179,218,254,219,218,293,319,318,32767,32767,325,337,355,360,358,625,341,338,362,414,487,32767,527,494,535,1368]} 1. e4 c6 2. c4 d5 {[%emt 0:00:00]} 3. cxd5 {[%emt 0:00:11]} cxd5 {[%emt 0:00:00]} 4. exd5 {[%emt 0:00:15]} Nf6 {[%emt 0:00:06]} 5. Qa4+ {[%emt 0:00:20]} Nbd7 {[%emt 0:00:09]} 6. Nc3 {[%emt 0:00:15]} g6 {[%emt 0:01:40]} 7. Nf3 {[%emt 0:00:22]} Bg7 {[%emt 0:02:39]} 8. Bc4 {[%emt 0:00:35]} O-O {[%emt 0:01:02]} 9. d3 {[%emt 0:00:07]} Nb6 {[%emt 0:01:17]} 10. Qb3 {[%emt 0:00:12]} Bg4 {[%emt 0:07:12] B10: Caro-Kann: 2 d3 and 2 c4} 11. Nd2 {[%emt 0:06:18] LiveBook: 4 Games} (11. Ne5 Qc7 12. f4 Qc5 13. h3 Bc8 14. Ke2 Nh5 15. Kf3 e6 16. g4 exd5 17. Nxd5 Nxd5 18. Bxd5 Bxe5 19. gxh5 {1-0 (46) Zhigalko,A (2594)-Hovhannisyan,R (2641) Yerevan 2016}) 11... Qc7 {[%emt 0:08:51]} ({Black should try} 11... a5 $15) 12. O-O $1 $11 {[%emt 0:00:47] and White is okay.} (12. Rf1 $2 {[%emt 0:00:47][%mdl 8192]}) 12... Nxc4 $146 {[%emt 0:06:10]} ({Predecessor:} 12... Bf5 13. h3 Rfd8 14. Re1 h5 15. Nf3 Rac8 16. Nb5 Qb8 17. Be3 Nbxd5 18. Bxa7 {1-0 (27) Karthikeyan,M (2462)-Maslov,I (2095) Durban 2014}) 13. dxc4 {[%emt 0:01:09]} a6 {[%emt 0:03:04]} 14. Re1 {[%emt 0:07:26]} Rac8 {[%emt 0:05:11]} 15. Nd1 {[%emt 0:13:57]} Bxd1 {[%emt 0:03:08]} 16. Qxd1 {[%emt 0:02:43]} Rfe8 {[%emt 0:04:46]} 17. Rb1 {[%emt 0:01:45]} b5 {[%emt 0:06:55]} 18. b3 {[%emt 0:04:11]} Qa5 {[%emt 0:08:06]} 19. a3 {[%emt 0:03:14]} Bh6 {[%emt 0:05:59]} (19... bxc4 $14 20. bxc4 Nd7) 20. Ne4 {[%emt 0:07:28]} Nxe4 {[%emt 0:06:35]} 21. Bxh6 {[%emt 0:06:09]} Nd6 {[%emt 0:01:51] [#]} 22. c5 $1 {[%emt 0:02:47]} Nf5 {[%emt 0:00:58]} 23. b4 {[%emt 0:00:52]} Qc7 {[%emt 0:03:46]} 24. Bg5 {[%emt 0:02:17]} f6 {[%emt 0:02:46]} 25. Bc1 {[%emt 0:02:51]} Ng7 {[%emt 0:02:34]} 26. Qb3 {[%emt 0:02:46]} Kh8 {[%emt 0:02:39]} 27. Bb2 {[%emt 0:00:16]} Rcd8 {[%emt 0:01:35]} 28. Rbd1 {[%emt 0:01:19]} Qb7 $2 {[%emt 0:03:48]} (28... Rf8 29. g4 Rf7) 29. Rd3 {[%emt 0:00:49]} Qd7 {[%emt 0:01:37]} 30. Red1 {[%emt 0:01:02]} Qf5 {[%emt 0:02:48]} 31. h3 {[%emt 0:02:35]} h6 {[%emt 0:02:35]} 32. Rf3 {[%emt 0:04:03]} Qd7 {[%emt 0:01:42]} 33. d6 {[%emt 0:01:12]} exd6 $18 {[%emt 0:01:16]} 34. Rxf6 {[%emt 0:01:00]} Rf8 {[%emt 0:01:56]} 35. Rxg6 {[%emt 0:00:29]} 1-0

[Event "9th Sharjah Cup Women 2018"]
[Site "Sharjah"]
[Date "2018.12.15"]
[Round "2"]
[White "Zozulia, Anna"]
[Black "Almaini, Aishah Sarhan"]
[Result "1-0"]
[WhiteElo "2270"]
[BlackElo "1614"]
[Annotator "NA"]
[PlyCount "191"]
[EventDate "2018.12.14"]
[EventType "swiss"]
[EventCountry "UAE"]
[SourceTitle "playchess.com"]
[Source "ChessBase"]
[SourceQuality "1"]
[TimeControl "5400+30"]

1. e4 {[%emt 0:00:00]} g6 {[%emt 0:05:13]} 2. d4 {[%emt 0:00:00]} Bg7 {[%emt 0:00:08]} 3. Nf3 {[%emt 0:00:28]} d6 {[%emt 0:00:16]} 4. c3 {[%emt 0:01:39]} Nd7 {[%emt 0:05:47]} 5. Bd3 {[%emt 0:09:05]} e5 {[%emt 0:03:59]} 6. O-O {[%emt 0:01:05] B06: Modern Defence} Ne7 {[%emt 0:00:19]} 7. Nbd2 {[%emt 0:02:22]} O-O {[%emt 0:00:21]} 8. Re1 {[%emt 0:06:07]} (8. a4 h6 9. Qc2 exd4 10. cxd4 Nc6 11. Nb3 Nb4 12. Qd1 Nxd3 13. Qxd3 d5 {½-½ (31) Miton,K (2584)-Naiditsch,A (2705) Riadh 2017}) 8... Nc6 {[%emt 0:03:45] LiveBook: 24 Games} 9. dxe5 {[%emt 0:06:28]} dxe5 $146 {[%emt 0:02:18]} ({Predecessor:} 9... Ndxe5 10. Bf1 Re8 11. Nxe5 Nxe5 12. Nc4 Bg4 13. f3 Be6 14. Nxe5 Bxe5 15. Be3 c5 16. f4 {½-½ (55) Sklyarov,D (2437)-Luukkonen,T (2354) Hamina 2016}) 10. Bb5 {[%emt 0:10:40]} Ndb8 {[%emt 0:08:22]} 11. Nf1 {[%emt 0:15:30]} Ne7 {[%emt 0:15:18]} 12. Bg5 {[%emt 0:10:31]} Qxd1 {[%emt 0:10:49]} 13. Raxd1 {[%emt 0:00:32]} Nbc6 {[%emt 0:00:07]} 14. Ne3 {[%emt 0:06:31]} h6 {[%emt 0:02:55]} 15. Bh4 {[%emt 0:04:22]} g5 {[%emt 0:02:29]} 16. Bg3 {[%emt 0:00:05]} a6 {[%emt 0:06:12]} 17. Bxc6 {[%emt 0:06:59]} Nxc6 {[%emt 0:03:28]} 18. h4 {[%emt 0:00:08]} (18. Nd5 $16) 18... f6 {[%emt 0:01:47]} 19. hxg5 {[%emt 0:01:25]} hxg5 {[%emt 0:00:39]} 20. Nd5 {[%emt 0:00:03]} Rf7 $1 {[%emt 0:00:14]} 21. Nd2 {[%emt 0:01:02]} Be6 {[%emt 0:00:51]} 22. Nc4 {[%emt 0:00:37]} b5 {[%emt 0:00:20]} 23. Nce3 {[%emt 0:00:24]} Rd8 {[%emt 0:00:25]} 24. f3 {[%emt 0:01:51]} Rfd7 {[%emt 0:00:22]} 25. Bf2 {[%emt 0:05:42]} Bxd5 {[%emt 0:03:38]} 26. Rxd5 {[%emt 0:01:25]} Ne7 {[%emt 0:01:18]} 27. Rxd7 {[%emt 0:01:52]} Rxd7 {[%emt 0:00:08]} 28. Kf1 {[%emt 0:01:22]} Kf7 {[%emt 0:00:06]} 29. Ke2 {[%emt 0:00:09]} Ke6 {[%emt 0:00:13]} 30. Nc2 {[%emt 0:02:12]} Nc6 {[%emt 0:01:44]} 31. Bc5 {[%emt 0:01:10]} Rd8 {[%emt 0:04:38]} 32. Ne3 {[%emt 0:01:23]} Bf8 {[%emt 0:00:06]} 33. Bxf8 {[%emt 0:00:20]} Rxf8 {[%emt 0:00:04]} 34. Nd5 {[%emt 0:00:44]} Rf7 {[%emt 0:00:06]} 35. Rh1 {[%emt 0:00:19]} Na5 {[%emt 0:01:27]} 36. Nb4 {[%emt 0:02:40]} Nc4 {[%emt 0:06:44]} 37. b3 {[%emt 0:00:04]} Nb6 {[%emt 0:01:15]} 38. Nxa6 {[%emt 0:00:18]} c6 {[%emt 0:00:09]} 39. Rd1 {[%emt 0:00:54]} Ra7 {[%emt 0:00:35]} 40. Nc5+ {[%emt 0:00:06]} Ke7 {[%emt 0:00:04]} 41. Rd2 {[%emt 0:00:08]} Ra8 {[%emt 0:01:40]} 42. Kd1 {[%emt 0:00:44]} Rg8 {[%emt 0:01:56]} 43. Ke2 {[%emt 0:01:12]} g4 {[%emt 0:00:07]} 44. Nd3 {[%emt 0:00:22]} gxf3+ {[%emt 0:00:12]} 45. gxf3 {[%emt 0:00:44]} Rg2+ {[%emt 0:00:07]} 46. Ke3 {[%emt 0:00:09]} Rxd2 {[%emt 0:00:16]} 47. Kxd2 {[%emt 0:00:04]} Kd6 {[%emt 0:00:05]} 48. Nf2 {[%emt 0:01:04]} c5 {[%emt 0:00:14]} 49. Ng4 {[%emt 0:00:11]} Nd7 {[%emt 0:00:05]} 50. Kd3 {[%emt 0:00:46]} Ke6 {[%emt 0:03:38]} 51. Ne3 {[%emt 0:00:49]} Nb6 {[%emt 0:00:10]} 52. c4 {[%emt 0:00:35]} b4 {[%emt 0:00:11]} 53. Nc2 {[%emt 0:00:17]} Kd6 {[%emt 0:00:48]} 54. a3 {[%emt 0:00:07]} bxa3 {[%emt 0:00:12]} 55. Nxa3 {[%emt 0:00:04]} Nd7 {[%emt 0:01:37]} 56. Nb5+ {[%emt 0:00:22]} Kc6 {[%emt 0:00:12]} 57. Nc3 {[%emt 0:00:23]} Kd6 {[%emt 0:00:30]} 58. Nd5 {[%emt 0:00:07]} Kc6 {[%emt 0:00:10]} ({Black should try} 58... Ke6 $14) 59. Kc3 {[%emt 0:00:37]} (59. Kd2 $18) 59... Kd6 {[%emt 0:00:39]} 60. b4 {[%emt 0:00:16]} cxb4+ {[%emt 0:00:09]} 61. Kxb4 {[%emt 0:00:04]} Kc6 {[%emt 0:00:07]} 62. Ne3 {[%emt 0:02:01]} Nc5 {[%emt 0:01:43]} 63. Ng4 {[%emt 0:00:36]} Nd7 {[%emt 0:01:40]} 64. Nh6 {[%emt 0:00:47]} Nc5 {[%emt 0:00:27]} 65. Ng8 {[%emt 0:00:46]} Nd3+ {[%emt 0:00:55]} 66. Kc3 {[%emt 0:00:03]} Ne1 {[%emt 0:00:06]} 67. Nxf6 {[%emt 0:00:20]} Nxf3 {[%emt 0:00:04]} 68. Ng4 {[%emt 0:00:47]} Kc5 {[%emt 0:00:16]} 69. Nf6 $11 {[%emt 0:00:51]} Nd4 {[%emt 0:01:43]} 70. Nd7+ {[%emt 0:00:24]} Kd6 {[%emt 0:00:14]} 71. Nb6 {[%emt 0:00:09]} Ne2+ {[%emt 0:01:22]} 72. Kd3 {[%emt 0:00:26]} Nf4+ {[%emt 0:00:14]} 73. Ke3 {[%emt 0:00:05]} Ne6 {[%emt 0:02:39]} 74. Na4 {[%emt 0:00:26]} Kc6 {[%emt 0:01:08]} 75. Kd3 {[%emt 0:00:51]} Nf4+ {[%emt 0:00:15]} 76. Kc3 {[%emt 0:00:12]} Ne2+ {[%emt 0:00:20]} 77. Kb4 {[%emt 0:00:13]} Nd4 {[%emt 0:02:08]} 78. Nb2 {[%emt 0:01:35]} Nf3 {[%emt 0:01:08]} 79. Kc3 {[%emt 0:00:38]} Kc5 {[%emt 0:00:16]} 80. Nd3+ {[%emt 0:00:07]} Kd6 {[%emt 0:00:57]} 81. c5+ {[%emt 0:00:50]} Kc6 {[%emt 0:00:11]} 82. Kb4 {[%emt 0:00:05]} Kc7 {[%emt 0:00:21]} 83. Kc4 {[%emt 0:00:20]} Kc6 {[%emt 0:00:11]} 84. Nb4+ {[%emt 0:00:05]} Kc7 {[%emt 0:00:19]} 85. Kd5 {[%emt 0:00:10]} Kb7 {[%emt 0:01:29]} 86. Nd3 {[%emt 0:00:16]} Kc7 {[%emt 0:00:38]} 87. Nxe5 {[%emt 0:00:40]} Ng5 {[%emt 0:00:10]} 88. Nd3 {[%emt 0:00:33]} Nf7 {[%emt 0:00:13]} 89. e5 {[%emt 0:01:10]} Nd8 {[%emt 0:00:10]} 90. Nb4 {[%emt 0:00:32]} Kd7 {[%emt 0:00:29]} 91. c6+ {[%emt 0:00:34]} Kc7 {[%emt 0:00:11]} 92. e6 {[%emt 0:00:17]} Nxe6 {[%emt 0:00:18]} 93. Kxe6 {[%emt 0:00:04]} Kc8 {[%emt 0:00:04]} 94. Kd6 {[%emt 0:00:07]} Kd8 {[%emt 0:00:07]} 95. c7+ {[%emt 0:00:06]} Kc8 {[%emt 0:00:10]} 96. Nd3 {[%emt 0:00:04]} 1-0

[Event "9th Sharjah Cup Women 2018"]
[Site "Sharjah"]
[Date "2018.12.15"]
[Round "2"]
[White "Kiolbasa, Oliwia"]
[Black "Rouda Essa, Alserkal"]
[Result "1-0"]
[WhiteElo "2244"]
[BlackElo "1525"]
[Annotator "TA"]
[PlyCount "125"]
[EventDate "2018.12.14"]
[EventType "swiss"]
[EventCountry "UAE"]
[SourceTitle "playchess.com"]
[Source "ChessBase"]
[SourceQuality "1"]

{[%evp 25,125,59,65,-104,-114,-141,-43,-124,-62,-60,-64,-44,-44,-41,-16,-13,-20,-62,-67,-78,-35,-31,-12,-9,1,-30,56,60,70,15,14,20,20,15,52,61,66,16,47,47,47,47,119,113,104,83,142,131,129,65,194,76,93,51,111,59,64,48,199,156,188,183,279,278,276,247,239,13,214,177,225,232,509,507,601,593,592,688,655,602,29977,29978,29978,29979,29982,29983,29983,29984,29984,29985,29985,29986,29986,29984,29983,29984,29985,29987,29988,29989,29989,29988]} 1. e4 c5 2. Nf3 d6 3. d4 cxd4 4. Nxd4 Nf6 5. Nc3 g6 6. Be3 Bg7 7. f3 O-O 8. Qd2 Nc6 9. O-O-O d5 10. Qe1 e5 11. Nxc6 bxc6 12. exd5 cxd5 13. Bg5 Be6 {LiveBook: 51 Games. B76: Sicilian Dragon: Yugoslav Attack, 9 g4 and 9 0-0-0} 14. Kb1 $2 (14. Qxe5 h6 $17) (14. Bc4 $1 $14 {was forced to keep a grip.}) (14. Bc4 Qb6 15. Bxf6 Bxf6 16. Nxd5 Bxd5 17. Rxd5 e4 18. Rb5 Qc7 19. Qxe4 Rae8 20. Qd3 Qf4+ 21. Kb1 Re3 22. g3 Rxd3 23. gxf4 Rxf3 {1-0 (65) Pavlidis,A (2536)-Arribas Lopez,A (2505) Saint Louis 2017}) 14... Rb8 $1 $17 15. b3 $146 ({Predecessor:} 15. g4 Qb6 16. b3 Rfc8 17. Bxf6 Bxf6 18. Nxd5 Bxd5 19. Rxd5 Rxc2 20. Kxc2 Rc8+ 21. Bc4 e4 22. Qxe4 Qb4 23. Kd1 Qc3 24. Ke2 Kf8 25. Rd7 {1-0 (25) Zhou,Q (2104)-Kalra,A (2145) Ottawa 2013}) 15... Qd7 (15... h6 $1 $17 {[%cal Rh6g5]} 16. Bh4 d4) 16. Qh4 ({White should try} 16. Bc4 $15) 16... Nh5 (16... Qc8 $17 17. Nb5 Rb6) 17. Qa4 $1 $15 {[%cal Ra4d7] And now Qxd7 would win.} Qxa4 18. Nxa4 Rfc8 19. g4 Nf4 20. Bxf4 exf4 21. Nb2 Rc3 22. Rd3 Rc6 23. h4 Bc3 24. Rd1 Rbc8 {aiming for ...Bxb2.} 25. Rh2 Bxb2 (25... Be5 $11) 26. Kxb2 $14 Rc3 27. Rd3 (27. Rf2 $14) 27... Rxd3 $1 $11 28. Bxd3 {[%mdl 4096] Endgame KRB-KRB} Kf8 29. Rd2 Ke7 30. Ba6 Rc6 31. Bb5 Rb6 32. a4 h6 33. Kc3 g5 (33... Kd6 $14) 34. hxg5 $16 hxg5 35. Kd4 Rb8 (35... f5 $142) 36. Rh2 $1 a5 37. Kc5 (37. c3 $16) 37... Rb7 (37... Rc8+ $14 38. Kd4 Rb8) 38. Kc6 (38. c3 $18) 38... Rb8 39. Kc7 Ra8 ({Black should play} 39... Rc8+ $14 40. Kb6 d4) 40. Kb7 (40. Rd2 $16) 40... Rc8 $14 41. Kb6 Ra8 $2 (41... Rc3 $14) 42. Rh5 Rc8 43. Bd3 ({Don't take} 43. Rxg5 $6 Rxc2 44. Kxa5 Rf2 $16) 43... Ra8 (43... f6 $142 44. Kxa5 d4) 44. Rxg5 $18 Kd6 45. Kb7 Rc8 46. c4 $2 (46. Ka6 $1 $18) 46... Rc5 $2 {[#]} (46... Rf8 $11 {and Black is okay.}) 47. Kb6 $1 f6 48. Rh5 Rc6+ $2 (48... Rc8 {might work better.} 49. Kxa5 Rb8) 49. Kxa5 dxc4 50. Bxc4 Bxc4 51. bxc4 Rxc4 {[#] Black hopes to continue with ...Rc3. KR-KR} 52. Rf5 $1 Rc5+ 53. Rxc5 {White mates.} Kxc5 {K3P-KPP} 54. Ka6 Kc6 55. a5 Kc7 56. Kb5 Kb7 57. Kc5 Ka6 58. Kd5 Kxa5 59. Ke4 Kb5 60. Kxf4 Kc5 61. Kf5 Kd6 62. Kxf6 Kd7 63. Kf7 {Accuracy: White = 47%, Black = 31%.} 1-0

[Event "9th Sharjah Cup Women 2018"]
[Site "Sharjah"]
[Date "2018.12.15"]
[Round "2"]
[White "Stetsko, Lanita"]
[Black "Boubendir, Nesrine"]
[Result "1-0"]
[WhiteElo "2194"]
[BlackElo "1510"]
[Annotator "NA"]
[PlyCount "76"]
[EventDate "2018.12.14"]
[EventType "swiss"]
[EventCountry "UAE"]
[SourceTitle "playchess.com"]
[Source "ChessBase"]
[SourceQuality "1"]
[TimeControl "5400+30"]

1. e4 {[%emt 0:00:00]} c5 {[%emt 0:00:00]} 2. Nf3 {[%emt 0:00:00]} e6 {[%emt 0:00:06]} 3. d4 {[%emt 0:00:00]} cxd4 {[%emt 0:00:28]} 4. Nxd4 {[%emt 0:00:00]} a6 {[%emt 0:00:56]} 5. Nc3 {[%emt 0:00:26]} Qc7 {[%emt 0:00:54]} 6. Bd3 {[%emt 0:00:18]} Nf6 {[%emt 0:03:04]} 7. O-O {[%emt 0:01:04]} Be7 {[%emt 0:02:49]} 8. Qe2 {[%emt 0:01:49]} d6 {[%emt 0:02:06]} 9. Kh1 {[%emt 0:00:21]} Nc6 {[%emt 0:05:27]} 10. Nxc6 {[%emt 0:13:02]} bxc6 {[%emt 0:02:15]} 11. f4 {[%emt 0:01:10]} e5 {[%emt 0:21:00]} 12. fxe5 {[%emt 0:18:56] B46: Sicilian: Taimanov: 5 Nc3 a6} (12. Bc4 O-O 13. f5 h6 14. g4 d5 15. Bb3 d4 16. Nd1 c5 17. Nf2 Bb7 18. Bc4 Nh7 19. Rg1 Bh4 20. Nh3 Nf6 21. g5 Nxe4 22. Rg2 Qc6 23. Qg4 Ng3+ {0-1 (23) Kaasen,T (2442)-Andreikin,D (2734) chess.com INT 2017}) 12... dxe5 {[%emt 0:00:09]} 13. Bc4 {[%emt 0:01:16] LiveBook: 4 Games} O-O {[%emt 0:04:20]} 14. Be3 {[%emt 0:00:52]} (14. h3 $14) 14... a5 {[%emt 0:07:46]} 15. Na4 $146 {[%emt 0:05:08]} ({Predecessor:} 15. h3 Rb8 16. Bb3 Be6 17. Bg5 Bxb3 18. axb3 Rb4 19. Rf3 Rd8 20. Bxf6 Bxf6 {1-0 (31) Llaneza Vega,M (2426)-Lymar,I (2264) Pamplona 2007}) 15... Rb8 {[%emt 0:06:50]} 16. Nc5 {[%emt 0:05:05]} Bxc5 {[%emt 0:07:00]} 17. Bxc5 {[%emt 0:02:10]} Rd8 {[%emt 0:00:41]} 18. b3 {[%emt 0:09:50]} Bg4 {[%emt 0:07:13]} 19. Qe1 {[%emt 0:02:48]} Bh5 {[%emt 0:03:32]} 20. Qh4 {[%emt 0:05:38]} Bg6 {[%emt 0:00:46]} 21. Rae1 {[%emt 0:00:39]} Qd7 {[%emt 0:06:57]} (21... Nh5 $14) 22. Bd3 {[%emt 0:05:08]} (22. Rxf6 $16 gxf6 23. Qxf6) 22... Qg4 {[%emt 0:04:28]} 23. Qxg4 {[%emt 0:00:49]} Nxg4 {[%emt 0:00:06]} 24. h3 {[%emt 0:00:24]} Nf6 $16 {[%emt 0:00:12]} 25. Be7 {[%emt 0:00:27] Double Attack} Nh5 {[%emt 0:04:07]} 26. Bxd8 {[%emt 0:01:00]} Ng3+ {[%emt 0:00:10]} 27. Kg1 {[%emt 0:00:29]} Nxf1 {[%emt 0:00:18]} 28. Bc7 {[%emt 0:01:09]} Rc8 {[%emt 0:00:46]} 29. Bxe5 {[%emt 0:00:12]} Nd2 {[%emt 0:00:43]} 30. Bc3 {[%emt 0:00:06]} Nxe4 {[%emt 0:01:39]} 31. Bxe4 {[%emt 0:00:07]} Re8 {[%emt 0:01:59]} 32. Bxg6 {[%emt 0:00:11]} Rxe1+ {[%emt 0:00:07]} 33. Bxe1 {[%emt 0:00:01]} fxg6 {[%emt 0:00:09]} 34. Bxa5 {[%emt 0:00:04]} Kf7 {[%emt 0:00:12]} 35. Bc3 {[%emt 0:00:08]} g5 {[%emt 0:00:12]} 36. a4 {[%emt 0:00:03]} g6 {[%emt 0:00:08]} 37. a5 {[%emt 0:00:03]} Ke6 {[%emt 0:00:05]} 38. a6 {[%emt 0:00:03]} Kd5 1-0

[Event "9th Sharjah Cup Women 2018"]
[Site "Sharjah"]
[Date "2018.12.15"]
[Round "2"]
[White "Babayan, Armine"]
[Black "Al Ali, Aisha Saif"]
[Result "1-0"]
[WhiteElo "2189"]
[BlackElo "1401"]
[Annotator "NA"]
[PlyCount "55"]
[EventDate "2018.12.14"]
[EventType "swiss"]
[EventCountry "UAE"]
[SourceTitle "playchess.com"]
[Source "ChessBase"]
[SourceQuality "1"]
[TimeControl "5400+30"]

{[%evp 10,41,30,18,32767,32767,32767,32767,32767,32767,4,-20,64,-6,35,0,0,-4,10,-6,32767,32767,59,25,179,4,-20,25,32767,32767,32767,133,226,331]} 1. e4 {[%emt 0:00:00]} c5 {[%emt 0:00:00]} 2. Nf3 {[%emt 0:00:00]} e6 {[%emt 0:00:18]} 3. d4 {[%emt 0:00:00]} cxd4 {[%emt 0:00:21]} 4. Nxd4 {[%emt 0:00:00]} Nf6 {[%emt 0:00:09]} 5. Nc3 {[%emt 0:00:11]} d6 {[%emt 0:00:35]} 6. Be2 {[%emt 0:00:18] LiveBook: 3473 Games} Be7 {[%emt 0:01:13]} 7. Be3 {[%emt 0:00:16]} O-O {[%emt 0:00:45]} 8. Qd2 {[%emt 0:00:17]} a6 {[%emt 0:00:40]} 9. g4 {[%emt 0:00:38] B84: Sicilian Scheveningen: 6 Be2 a6, lines without early Be3} b5 {[%emt 0:02:33]} 10. g5 {[%emt 0:00:21]} Nfd7 {[%emt 0:00:59]} ({Black should try} 10... b4 $11 11. gxf6 bxc3 12. Qxc3 Bxf6) 11. f4 {[%emt 0:00:25]} (11. a3 $14) 11... Bb7 {[%emt 0:02:13]} 12. Bf3 {[%emt 0:01:29]} Nb6 $146 {[%emt 0:05:00]} ({Predecessor:} 12... Nc6 13. Nxc6 Bxc6 14. O-O-O Nb6 15. b3 Rb8 16. Rhf1 d5 17. Bxb6 Qxb6 18. exd5 {½-½ (33) Varga,Z (2479)-Nisipeanu,L (2692) Eforie Nord 2008}) 13. b3 {[%emt 0:01:36]} N8d7 {[%emt 0:02:14]} 14. O-O {[%emt 0:05:01]} Nc5 {[%emt 0:09:00]} 15. Qg2 {[%emt 0:01:50]} Re8 {[%emt 0:16:21]} 16. f5 {[%emt 0:10:45]} Bf8 $2 {[%emt 0:07:44]} (16... b4 $11 {and Black is okay.} 17. fxe6 fxe6) 17. f6 {[%emt 0:07:54]} (17. g6 $16 fxg6 18. fxg6) 17... g6 {[%emt 0:04:30]} 18. h4 $1 {[%emt 0:04:51]} e5 {[%emt 0:01:30]} 19. Nde2 {[%emt 0:02:08]} Ne6 {[%emt 0:01:21]} 20. h5 {[%emt 0:03:03]} b4 $18 {[%emt 0:05:41]} 21. hxg6 {[%emt 0:03:52]} fxg6 {[%emt 0:04:08]} 22. Nd5 {[%emt 0:12:48]} Nxd5 {[%emt 0:01:23]} 23. exd5 {[%emt 0:00:05]} Nc5 {[%emt 0:01:00]} 24. Be4 {[%emt 0:01:11]} Kh8 {[%emt 0:02:34]} 25. Bxg6 {[%emt 0:00:25]} hxg6 {[%emt 0:00:20]} 26. Qh3+ {[%emt 0:00:09]} Kg8 {[%emt 0:00:14]} 27. f7+ {[%emt 0:00:05]} Kg7 {[%emt 0:00:08]} 28. Qh6# {[%emt 0:00:05]} 1-0

[Event "9th Sharjah Cup Women 2018"]
[Site "Sharjah"]
[Date "2018.12.15"]
[Round "2"]
[White "Berke, Ana"]
[Black "Khezrian, Nooralzahra"]
[Result "1-0"]
[WhiteElo "2151"]
[BlackElo "1317"]
[Annotator "NA"]
[PlyCount "75"]
[EventDate "2018.12.14"]
[EventType "swiss"]
[EventCountry "UAE"]
[SourceTitle "playchess.com"]
[Source "ChessBase"]
[SourceQuality "1"]
[TimeControl "5400+30"]

1. b3 {[%emt 0:00:00]} b6 {[%emt 0:01:03]} 2. Bb2 {[%emt 0:00:10]} Bb7 {[%emt 0:00:29]} 3. c4 {[%emt 0:01:19]} c5 {[%emt 0:05:06]} 4. d3 {[%emt 0:01:42]} e6 {[%emt 0:01:33]} 5. Nc3 {[%emt 0:02:49]} Nf6 {[%emt 0:01:40]} 6. e4 {[%emt 0:01:56]} d5 {[%emt 0:01:06]} 7. e5 {[%emt 0:02:30]} Nfd7 {[%emt 0:02:48]} 8. f4 {[%emt 0:00:48]} (8. cxd5 $1 $15 exd5 9. f4) 8... dxc4 {[%emt 0:10:50]} (8... d4 $17 9. Ne4 Bxe4 10. dxe4 g5) 9. dxc4 {[%emt 0:02:04]} Qh4+ {[%emt 0:05:36]} 10. g3 {[%emt 0:00:58]} Qd8 {[%emt 0:00:06]} 11. Nf3 {[%emt 0:00:40]} Nc6 {[%emt 0:01:19]} 12. Bg2 {[%emt 0:01:14]} a6 {[%emt 0:02:59]} 13. O-O {[%emt 0:00:35]} Be7 {[%emt 0:01:11]} 14. Qe2 {[%emt 0:02:58]} Qc7 {[%emt 0:01:29]} (14... O-O $16) 15. Ne4 {[%emt 0:02:13]} O-O-O {[%emt 0:03:44]} (15... O-O $16 {is a better defense.} 16. Rad1 Rad8) 16. Kh1 {[%emt 0:02:07]} (16. Nfg5 $18 {and White stays clearly on top.} Rdf8 {[#]} 17. Nd6+ $1 {[%mdl 512]} Bxd6 18. exd6 {[%mdl 64] Discovered Attack} Qxd6 19. Bxg7 {[%mdl 64] Double Attack}) 16... h6 {[%emt 0:06:54]} 17. Rad1 {[%emt 0:02:53]} Ndb8 {[%emt 0:01:32]} 18. h3 {[%emt 0:05:51]} Rd7 {[%emt 0:04:03]} 19. Rxd7 {[%emt 0:00:34]} Qxd7 {[%emt 0:00:07]} 20. Rd1 {[%emt 0:01:13]} Qc7 {[%emt 0:03:27]} 21. Qd2 $16 {[%emt 0:05:40]} Qd8 {[%emt 0:11:57]} 22. Qe1 {[%emt 0:02:12]} Qf8 {[%emt 0:05:02]} 23. a3 {[%emt 0:03:03]} f5 {[%emt 0:02:37]} 24. exf6 {[%emt 0:01:59]} gxf6 {[%emt 0:00:48]} 25. Nxf6 {[%emt 0:02:34]} Nd4 {[%emt 0:08:43]} 26. Bxd4 {[%emt 0:00:42]} cxd4 {[%emt 0:01:19]} 27. Qxe6+ {[%emt 0:00:21]} Kc7 {[%emt 0:00:34]} 28. Nd5+ {[%emt 0:00:24]} Bxd5 {[%emt 0:00:23]} 29. Qxd5 {[%emt 0:00:20]} Bxa3 {[%emt 0:01:02]} 30. Nxd4 {[%emt 0:00:26]} Qe7 {[%emt 0:03:33]} 31. Qb7+ {[%emt 0:00:43]} Kd8 {[%emt 0:00:16]} 32. Nc6+ {[%emt 0:00:16]} Ke8 {[%emt 0:00:09]} 33. Nxe7 {[%emt 0:00:10]} Bxe7 {[%emt 0:00:10]} 34. Qxb8+ {[%emt 0:00:07]} Kf7 {[%emt 0:00:07]} 35. Qxh8 {[%emt 0:00:05]} Bc5 {[%emt 0:00:07]} 36. Qxh6 {[%emt 0:00:11]} Bb4 {[%emt 0:00:07]} 37. Rd7+ {[%emt 0:00:04]} Ke8 {[%emt 0:00:06]} 38. Qe6+ {[%emt 0:00:08]} 1-0